[Event "25th European Club Cup Women 2021"]
[Site "Struga"]
[Date "2021.09.22"]
[Round "5.9"]
[White "Peycheva, Gergana"]
[Black "Saduakassova, Dinara"]
[Result "1/2-1/2"]
[WhiteElo "2331"]
[BlackElo "2489"]
[Annotator "ChessBase"]
[PlyCount "31"]
[EventDate "2021.09.18"]
[EventType "team-tourn"]
[EventCountry "MKD"]
[SourceTitle "playchess.com"]
[Source "ChessBase"]
[SourceQuality "1"]
[TimeControl "40/5400+30:1800+30"]

1. d4 {[%emt 0:00:03]} Nf6 {[%emt 0:00:07]} 2. c4 {[%emt 0:00:21]} e6 {[%emt 0:
00:06]} 3. g3 {[%emt 0:00:22]} d5 {[%emt 0:00:06]} 4. Nf3 {[%emt 0:00:53]} Bb4+
{[%emt 0:00:14]} 5. Bd2 {[%emt 0:00:22]} Be7 {[%emt 0:00:05]} 6. Bg2 {[%emt 0:
00:39]} O-O {[%emt 0:00:19]} 7. O-O {[%emt 0:00:48]} c6 {[%emt 0:00:21]} 8. Qc2
{[%emt 0:01:06]} b6 {[%emt 0:00:33]} 9. Rd1 {[%emt 0:01:40]} Nbd7 {[%emt 0:01:
20]} 10. Bf4 {[%emt 0:00:45]} Bb7 {[%emt 0:00:15]} 11. Ne5 {[%emt 0:01:43]} Nh5
{[%emt 0:00:11]} 12. Bd2 {[%emt 0:01:33]} Nhf6 {[%emt 0:00:08]} 13. Bf4 {
[%emt 0:00:06]} Nh5 {[%emt 0:00:52]} 14. Bd2 {[%emt 0:00:09]} Nhf6 {[%emt 0:00:
07]} 15. Bf4 {[%emt 0:00:08]} Nh5 {[%emt 1:33:16]} 16. Bd2 1/2-1/2

[Event "25th European Club Cup Women 2021"]
[Site "Struga"]
[Date "2021.09.22"]
[Round "5.10"]
[White "Gunina, Valentina"]
[Black "Toncheva, Nadya"]
[Result "1-0"]
[WhiteElo "2446"]
[BlackElo "2178"]
[Annotator "TA"]
[PlyCount "153"]
[EventDate "2021.09.18"]
[EventType "team-tourn"]
[EventCountry "MKD"]
[SourceTitle "playchess.com"]
[Source "ChessBase"]
[SourceQuality "1"]

{[%evp 12,153,0,0,19,-20,-1,-15,0,-43,-44,-60,-58,-62,-58,-53,-29,-40,-36,-32,
-6,-21,-7,-12,0,0,0,0,0,0,0,0,0,0,0,0,0,0,0,0,0,0,149,140,138,86,80,80,41,70,
124,93,121,116,116,116,116,116,109,108,172,143,127,116,203,220,247,134,135,131,
150,61,176,166,169,58,125,76,314,72,74,0,191,0,0,0,0,0,0,0,8,8,8,8,5165,1208,
1564,941,6454,6454,6454,6454,6454,6454,6454,6454,6461,6454,7675,6461,6487,6454,
6454,6454,6454,6454,6454,6454,6454,6454,6454,6454,6454,6440,6454,6436,6417,
6386,6354,233,5287,2053,6407,6244,5272,6161,6203,1143,1626,1484,29977,29978,
29977,29978]} 1. e4 c5 2. Nc3 Nc6 3. Bb5 g6 4. Bxc6 bxc6 5. Nf3 Bg7 6. O-O e5
7. d3 Ne7 {B31: Sicilian: 2...Nc6 3 Bb5 g6.} 8. Bg5 O-O 9. Qd2 d6 {[#] The
position is equal.} 10. Rae1 $146 ({Predecessor:} 10. Ne2 f6 11. Be3 f5 12. Bh6
f4 13. Bxg7 Kxg7 14. c3 Bg4 15. d4 cxd4 16. cxd4 Bxf3 17. gxf3 {1/2-1/2 (49)
Vrcon,D (2000)-Drinovec,A (2150) Slovenia 1992}) 10... Bg4 11. Qe3 f6 12. Bh4
Rb8 13. b3 h5 14. h3 Be6 15. Nd2 Kh7 16. Qe2 Bh6 17. Bg3 Qa5 18. Ndb1 f5 {
White must now prevent ...f4.} 19. f4 fxe4 20. Nxe4 Nf5 21. fxe5 Nxg3 22. Nxg3
d5 23. c4 h4 24. Nh1 {[%cal Bg3h1,Bh1f2,Bf2e4,Be4f6][%mdl 32]} Bf4 25. Rf3 Rf5
26. Nf2 Rxe5 {[#]} (26... Rbf8 $11 {remains equal.} 27. Ng4 Bg3 28. Rxf5 Bxf5)
27. Ne4 $1 $16 {[%mdl 512]} Rf8 {[#]} 28. Rxf4 {[%mdl 512]} Rxf4 {[%mdl 64] [#]
Pin} 29. Nf6+ {[%mdl 64] Discovered Attack} Rxf6 30. Qxe5 Bf7 31. Qc3 Qxc3 32.
Nxc3 Re6 33. Rxe6 Bxe6 {[%mdl 4096] Endgame KB-KN} 34. Na4 Kg7 35. Nxc5 Bf5 (
35... Bf7 $16) 36. Kf2 Kf6 37. Ke3 dxc4 (37... g5 $16 38. cxd5 cxd5) 38. bxc4
$18 {[%cal Bb3c4,Bc4c5][%mdl 32]} ({But not} 38. dxc4 Ke5) 38... Ke5 39. a3 ({
Better is} 39. d4+ $18 Kf6 40. Ne4+ Ke7 41. d5) 39... Bc8 $16 40. d4+ Kf5 41.
Nd3 (41. Ne4 $16 {Strongly threatening Nd6+.} Bd7 42. Kf3) 41... g5 (41... Be6
$1 $14) 42. c5 $1 $18 Ba6 43. Ne5 (43. a4 $1 $18) 43... Bb5 $14 44. Nf7 $1 {
[%cal Rf7d6] Nd6+ is the strong threat.} Bf1 $2 {[#]} (44... Ba4 $16) 45. Kf3
$2 (45. Kf2 $1 $18 {[%cal Rf2f1] is the precise move to win.} Ba6 46. a4) 45...
Bd3 $16 46. Ke3 (46. Kf2 $16) 46... Bf1 $18 {[#]} 47. d5 $2 (47. Kf2 $1 $18 {
[%cal Rf2f1]} Ba6 48. a4) 47... Kf6 $1 $11 {[%cal Rf6f7]} 48. Nh6 {Threatens
to win with Ng8+.} ({Don't blunder} 48. dxc6 $2 Kxf7 49. c7 Ba6 $19) 48... Bxg2
49. Ng4+ Kf7 50. Ne5+ Ke8 51. d6 {Hoping for Nf3.} Bxh3 52. Nf3 Bf1 $2 {
[%mdl 8192] White stays focused until the end.} (52... Kf8 $11) 53. Nxg5 (53.
Kf2 $142 Bc4 54. Nxg5) 53... h3 54. Nf3 Kd7 55. Kf2 Bg2 56. Ng5 ({Not} 56. Ne5+
Ke6 $18) 56... Bh1 57. Nxh3 Be4 58. Ke3 Bf5 59. Nf4 Bh7 60. Kd4 Bf5 61. Ke5 Bg4
62. Kf6 Bf3 63. Ng6 {Intending Ne5+ and mate.} Bd5 64. Nf8+ Ke8 65. Ne6 Kd7 66.
Nc7 Bc4 67. Ke5 Bb3 68. Kd4 Bd1 69. Kc4 Bg4 70. Kb4 $2 (70. Kb3 Be2 71. Kc3)
70... Kc8 $2 (70... Kd8 71. Kc3 Bc8) 71. Ka5 (71. Na6 $142 Be2 72. Nc7) 71...
Kb7 72. Ne8 Bh3 73. Nf6 Bf1 74. Ng4 Be2 75. Ne5 a6 76. Nf7 Kc8 77. Kb6 {
Weighted Error Value: White=0.32/Black=0.26} 1-0

[Event "25th European Club Cup Women 2021"]
[Site "Struga"]
[Date "2021.09.22"]
[Round "5.11"]
[White "Djukic, Sandra"]
[Black "Maltsevskaya, Aleksandra"]
[Result "0-1"]
[WhiteElo "2127"]
[BlackElo "2407"]
[Annotator "NA"]
[PlyCount "82"]
[EventDate "2021.09.18"]
[EventType "team-tourn"]
[EventCountry "MKD"]
[SourceTitle "playchess.com"]
[Source "ChessBase"]
[SourceQuality "1"]
[TimeControl "40/5400+30:1800+30"]

1. d4 {[%emt 0:00:20]} Nf6 {[%emt 0:00:07]} 2. c4 {[%emt 0:00:10]} g6 {[%emt 0:
00:07]} 3. Nc3 {[%emt 0:00:06]} Bg7 {[%emt 0:00:06]} 4. e4 {[%emt 0:00:04]} d6
{[%emt 0:00:05]} 5. Bd3 {[%emt 0:00:34]} Nc6 {[%emt 0:08:39]} 6. Nge2 {[%emt 0:
03:24]} e5 {[%emt 0:02:59]} 7. d5 {[%emt 0:00:07]} Nd4 {[%emt 0:02:26]} 8. Nxd4
{[%emt 0:00:14]} exd4 {[%emt 0:00:05]} 9. Ne2 {[%emt 0:00:05]} O-O {[%emt 0:00:
38]} 10. O-O {[%emt 0:07:40]} Re8 {[%emt 0:01:57]} 11. f3 {[%emt 0:20:41]} c5 {
[%emt 0:06:54]} 12. Bg5 {[%emt 0:01:32]} h6 {[%emt 0:05:00]} 13. Bh4 {[%emt 0:
04:42]} a6 {[%emt 0:06:16]} 14. Kh1 {[%emt 0:10:05]} Bd7 {[%emt 0:04:17]} 15.
Qd2 {[%emt 0:20:18]} Nxe4 {[%emt 0:03:06]} 16. Qf4 {[%emt 0:07:13]} Nf6 {
[%emt 0:06:41]} 17. Qxd6 {[%emt 0:03:01]} g5 {[%emt 0:01:31]} 18. Be1 {[%emt 0:
06:52]} Rc8 {[%emt 0:04:20]} 19. Qg3 {[%emt 0:02:26]} b5 {[%emt 0:05:40]} 20.
b3 {[%emt 0:03:11]} Re3 {[%emt 0:01:39]} 21. Rd1 {[%emt 0:02:41]} bxc4 {
[%emt 0:00:11]} 22. bxc4 {[%emt 0:02:50]} Qe7 {[%emt 0:02:24]} 23. Nc1 {
[%emt 0:01:44]} Nh5 {[%emt 0:03:58]} 24. Qf2 {[%emt 0:00:05]} Nf4 {[%emt 0:00:
04]} 25. Ba5 {[%emt 0:02:19]} Re8 {[%emt 0:03:00]} 26. Rde1 {[%emt 0:00:25]}
Qd6 {[%emt 0:02:24]} 27. Be4 {[%emt 0:00:22]} f5 {[%emt 0:00:42]} 28. Bc2 {
[%emt 0:00:46]} Nh5 {[%emt 0:02:53]} 29. Bd2 {[%emt 0:00:30]} f4 {[%emt 0:01:
03]} 30. Be4 {[%emt 0:00:27]} Ng3+ {[%emt 0:00:44]} 31. Kg1 {[%emt 0:00:34]}
Nxe4 {[%emt 0:01:01]} 32. fxe4 {[%emt 0:00:04]} R3xe4 {[%emt 0:00:05]} 33. Rxe4
{[%emt 0:00:54]} Rxe4 {[%emt 0:00:06]} 34. Re1 {[%emt 0:00:15]} Qg6 {[%emt 0:
01:51]} 35. Nb3 {[%emt 0:00:15]} Bf8 {[%emt 0:01:09]} 36. Qf3 {[%emt 0:00:59]}
Rxe1+ {[%emt 0:01:52]} 37. Bxe1 {[%emt 0:00:04]} Bd6 {[%emt 0:01:09]} 38. Qe2 {
[%emt 0:00:45]} g4 {[%emt 0:00:23]} 39. Nd2 {[%emt 0:00:29]} d3 {[%emt 0:03:52]
} 40. Qf2 {[%emt 0:00:00]} Kh7 {[%emt 0:00:00]} 41. Qh4 {[%emt 0:00:58]} Qe8 {
[%emt 0:05:00]} 0-1

[Event "25th European Club Cup Women 2021"]
[Site "Struga"]
[Date "2021.09.22"]
[Round "5.12"]
[White "Solozhenkina, Elizaveta"]
[Black "Trajkovska, Sanja"]
[Result "1-0"]
[WhiteElo "2311"]
[BlackElo "1968"]
[Annotator "NA"]
[PlyCount "59"]
[EventDate "2021.09.18"]
[EventType "team-tourn"]
[EventCountry "MKD"]
[SourceTitle "playchess.com"]
[Source "ChessBase"]
[SourceQuality "1"]
[TimeControl "40/5400+30:1800+30"]

1. e4 {[%emt 0:00:03]} c5 {[%emt 0:00:07]} 2. Nf3 {[%emt 0:00:05]} d6 {[%emt 0:
00:14]} 3. d4 {[%emt 0:00:09]} cxd4 {[%emt 0:00:07]} 4. Nxd4 {[%emt 0:00:05]}
Nf6 {[%emt 0:00:05]} 5. Nc3 {[%emt 0:00:14]} a6 {[%emt 0:00:12]} 6. f3 {
[%emt 0:00:09]} e5 {[%emt 0:00:47]} 7. Nb3 {[%emt 0:00:13]} Be6 {[%emt 0:00:28]
} 8. Be3 {[%emt 0:00:12]} Nc6 {[%emt 0:00:50]} 9. Qd2 {[%emt 0:00:50]} Be7 {
[%emt 0:00:31]} 10. O-O-O {[%emt 0:07:06]} O-O {[%emt 0:05:30]} 11. Kb1 {
[%emt 0:06:52]} b5 {[%emt 0:06:48]} 12. g4 {[%emt 0:03:59]} Re8 {[%emt 0:18:40]
} 13. Nd5 {[%emt 0:10:53]} Bxd5 {[%emt 0:09:37]} 14. exd5 {[%emt 0:00:07]} Na7
{[%emt 0:04:09]} 15. c4 {[%emt 0:07:02]} Nd7 {[%emt 0:10:57]} 16. Na5 {[%emt 0:
05:16]} Nb6 {[%emt 0:04:09]} 17. c5 {[%emt 0:12:07]} dxc5 {[%emt 0:09:41]} 18.
d6 {[%emt 0:00:15]} Bf8 {[%emt 0:00:48]} 19. Nb7 {[%emt 0:09:20]} Qd7 {[%emt 0:
03:08]} 20. Nxc5 {[%emt 0:01:06]} Qc6 {[%emt 0:01:54]} 21. Ne4 {[%emt 0:06:57]}
Nc4 {[%emt 0:04:52]} 22. Bxc4 {[%emt 0:00:48]} bxc4 {[%emt 0:00:13]} 23. Qd5 {
[%emt 0:05:36]} Qxd5 {[%emt 0:11:27]} 24. Rxd5 {[%emt 0:00:07]} Nb5 {[%emt 0:
01:22]} 25. a4 {[%emt 0:03:52]} Na7 {[%emt 0:01:00]} 26. d7 {[%emt 0:04:11]}
Red8 {[%emt 0:00:31]} 27. Bb6 {[%emt 0:00:05]} Nc6 {[%emt 0:00:38]} 28. Bxd8 {
[%emt 0:00:04]} Rxd8 {[%emt 0:00:05]} 29. Rc1 {[%emt 0:00:06]} f6 {[%emt 0:01:
39]} 30. Rxc4 {[%emt 0:17:41]} 1-0

[Event "25th European Club Cup Women 2021"]
[Site "Struga"]
[Date "2021.09.22"]
[Round "5.13"]
[White "Shuvalova, Polina"]
[Black "Muzychuk, Anna"]
[Result "1/2-1/2"]
[WhiteElo "2510"]
[BlackElo "2534"]
[Annotator "TA"]
[PlyCount "109"]
[EventDate "2021.09.18"]
[EventType "team-tourn"]
[EventCountry "MKD"]
[SourceTitle "playchess.com"]
[Source "ChessBase"]
[SourceQuality "1"]

{[%evp 19,109,17,67,33,39,20,23,18,37,18,54,30,20,22,41,43,49,61,93,100,79,104,
89,62,66,59,103,104,105,109,116,91,152,166,159,151,141,150,233,248,221,139,125,
107,180,75,72,72,68,88,139,156,183,181,177,177,168,164,174,168,167,152,187,188,
195,0,114,118,151,147,161,147,147,143,227,211,264,0,0,0,0,0,0,0,0,0,0,0,0,0,0,
0]} 1. e4 c5 2. Nf3 Nc6 3. Bb5 e6 4. O-O Nge7 5. Re1 a6 6. Bxc6 Nxc6 7. d4 cxd4
8. Nxd4 Qc7 9. Nxc6 Qxc6 10. Nc3 Be7 11. Qg4 {B30: Sicilian: 2...Nc6 3 Bb5,
lines without ...g6.} (11. Nd5 $5) 11... Kf8 12. Qh5 b5 13. a3 {White has an
edge.} Bb7 {[#]} 14. Bf4 $146 ({Predecessor:} 14. Be3 Rc8 15. Bd4 f6 16. f3 g6
17. Qh6+ Kf7 18. Rad1 Rc7 19. h4 a5 20. Qf4 {1-0 (31) Kriz,M-Cobo Arteaga,E
Reggio Emilia 1972}) 14... Qc5 15. Qe2 h5 16. Rad1 Rd8 17. Rd3 h4 18. h3 Bc6 {
[#]} 19. Nd5 $1 Bxd5 20. exd5 Re8 21. Be5 Rh6 22. Bc3 Qc4 23. Qe5 {[%csl Gc3]
[%cal Re5g7]} Rg6 24. Re4 $40 {[%mdl 128] Black is in trouble.} Qc8 25. Rf3 Rg5
(25... f5 $142) 26. Rxh4 $16 {[%cal Rh4h8]} Kg8 27. Qf4 {[%csl Gf3][%cal Rf4f7]
} f6 28. Rg4 Rxg4 (28... e5 $16 29. Qe4 Rxg4 30. hxg4 (30. Qxg4 Rf8 $16) 30...
Qc4) 29. Qxg4 $18 Rf8 30. Re3 {[%cal Rd5e6]} e5 31. d6 Bd8 (31... Bxd6 $16 32.
Rd3 Bc5) 32. Qe4 (32. h4 $18 {is more deadly.}) 32... Bb6 $16 33. Qd5+ Rf7 34.
Rd3 Qc4 ({Black should try} 34... Qc5) 35. Qb7 $1 {[%cal Rb7b8]} Qc5 36. Rd2 a5
{[#]} 37. Bxa5 {[%mdl 576] Decoy} Bxa5 38. Qa8+ {[%mdl 64] Double Attack} Rf8
39. Qxa5 $18 {[%mdl 4096] Endgame KQR-KQR} Rc8 40. c3 Qc4 41. Qa7 Qc6 42. Qa5
$2 (42. Qe3 $18) 42... Qe4 (42... Qc4 $1 $11) 43. Rd1 $16 Qc2 44. Rf1 Qxb2 45.
Qa7 Rxc3 46. Qxd7 {Strongly threatening Qe8+.} Rc1 {[#]} (46... Qd2 $16) 47.
Qe6+ $1 $18 Kh8 48. Qe8+ $2 (48. g4 $18 Rxf1+ 49. Kxf1 Qc1+ 50. Kg2 Qc6+ 51.
Kg3) 48... Kh7 $11 {The position is equal.} 49. Qh5+ Kg8 50. g3 {Black must
now prevent Qf3.} Rxf1+ 51. Kxf1 {aiming for Qd1.} Qc1+ 52. Kg2 {And now Qe8+
would win.} Qc6+ {[%mdl 64] Double Attack} 53. Kh2 {White wants to play Qd1.}
Qxd6 54. Qe8+ Kh7 55. Qh5+ {White really could win this.  Weighted Error Value:
White=0.18/Black=0.21} 1/2-1/2

[Event "25th European Club Cup Women 2021"]
[Site "Struga"]
[Date "2021.09.22"]
[Round "5.14"]
[White "Abdumalik, Zhansaya"]
[Black "Atalik, Ekaterina"]
[Result "*"]
[WhiteElo "2502"]
[BlackElo "2429"]
[Annotator "ChessBase"]
[PlyCount "69"]
[EventDate "2021.09.18"]
[EventType "team-tourn"]
[EventCountry "MKD"]
[SourceTitle "playchess.com"]
[Source "ChessBase"]
[SourceQuality "1"]
[TimeControl "40/5400+30:1800+30"]

1. e4 {[%emt 0:00:03]} c6 {[%emt 0:00:13]} 2. Nf3 {[%emt 0:00:07]} d5 {[%emt 0:
00:07]} 3. d3 {[%emt 0:00:03]} Qc7 {[%emt 0:00:44]} 4. exd5 {[%emt 0:00:15]}
cxd5 {[%emt 0:00:12]} 5. c4 {[%emt 0:00:06]} Nf6 {[%emt 0:01:28]} 6. Nc3 {
[%emt 0:00:07]} e6 {[%emt 0:00:59]} 7. g3 {[%emt 0:00:09]} a6 {[%emt 0:01:01]}
8. Bf4 {[%emt 0:02:42]} Bd6 {[%emt 0:02:00]} 9. Bxd6 {[%emt 0:01:42]} Qxd6 {
[%emt 0:00:07]} 10. Bg2 {[%emt 0:00:17]} O-O {[%emt 0:04:12]} 11. O-O {[%emt 0:
01:58]} Nc6 {[%emt 0:02:34]} 12. a3 {[%emt 0:05:27]} d4 {[%emt 0:02:00]} 13.
Nb1 {[%emt 0:02:57]} a5 {[%emt 0:01:58]} 14. Nbd2 {[%emt 0:02:14]} e5 {[%emt 0:
02:22]} 15. Re1 {[%emt 0:05:47]} Re8 {[%emt 0:05:21]} 16. Qc2 {[%emt 0:04:37]}
Bf5 {[%emt 0:05:12]} 17. Ng5 {[%emt 0:06:23]} Rac8 {[%emt 0:09:46]} 18. Rab1 {
[%emt 0:06:51]} b6 {[%emt 0:05:48]} 19. Nge4 {[%emt 0:04:38]} Nxe4 {[%emt 0:03:
17]} 20. Nxe4 {[%emt 0:00:09]} Bxe4 {[%emt 0:00:39]} 21. Bxe4 {[%emt 0:00:33]}
g6 {[%emt 0:00:07]} 22. b4 {[%emt 0:06:28]} axb4 {[%emt 0:00:16]} 23. axb4 {
[%emt 0:00:05]} Kg7 {[%emt 0:04:41]} 24. Qa4 {[%emt 0:07:29]} Ne7 {[%emt 0:03:
58]} 25. Qb5 {[%emt 0:03:25]} Qc7 {[%emt 0:09:46]} 26. Ra1 {[%emt 0:05:58]} Nf5
{[%emt 0:01:07]} 27. Bg2 {[%emt 0:02:12]} Nd6 {[%emt 0:01:56]} 28. Qd5 {
[%emt 0:02:00]} Rcd8 {[%emt 0:06:11]} 29. Ra6 {[%emt 0:05:39]} Re6 {[%emt 0:02:
56]} 30. Rea1 {[%emt 0:04:02]} Nc8 {[%emt 0:00:48]} 31. Qb5 {[%emt 0:01:42]} f5
{[%emt 0:04:04]} 32. c5 {[%emt 0:04:18]} Kf6 {[%emt 0:01:16]} 33. cxb6 {
[%emt 0:03:00]} Nxb6 {[%emt 0:01:29]} 34. Ra7 {[%emt 0:01:05]} Qc3 {[%emt 0:00:
13]} 35. R1a6 {[%emt 0:01:08]} *

[Event "25th European Club Cup Women 2021"]
[Site "Struga"]
[Date "2021.09.22"]
[Round "5.14"]
[White "Heinemann, Josefine"]
[Black "Cvitan, Ena"]
[Result "1-0"]
[WhiteElo "2292"]
[BlackElo "2284"]
[Annotator "TA"]
[PlyCount "85"]
[EventDate "2021.09.18"]
[EventType "team-tourn"]
[EventCountry "MKD"]
[SourceTitle "playchess.com"]
[Source "ChessBase"]
[SourceQuality "1"]

{[%evp 9,85,18,17,18,20,6,41,9,12,9,7,6,12,0,27,21,45,7,7,6,23,6,38,30,18,20,
56,45,41,39,30,37,56,55,59,62,62,56,60,60,68,57,83,77,98,85,85,94,88,77,114,
116,110,124,153,152,273,268,245,264,247,133,797,145,29976,29977,29976,29978,
29972,29973,29980,29981,29984,29985,29991,29992,29992,29993]} 1. e4 c6 2. Nf3
d5 3. d3 Qc7 4. exd5 cxd5 5. c4 Nf6 6. Nc3 {B10: Caro-Kann: 2 d3 and 2 c4.} e6
7. g3 a6 {[#]} 8. Bf4 $146 {White is slightly better.} ({Predecessor:} 8. Bg2
Be7 9. O-O O-O 10. Bf4 Qb6 11. Re1 Rd8 12. Na4 Qa5 13. Bd2 Bb4 14. Bxb4 Qxb4 {
1-0 (52) Sadhwani,R (2555)-Pultinevicius,P (2492) Chess.com INT 2021}) 8... Bd6
9. Bxd6 Qxd6 10. Bg2 O-O 11. O-O Nc6 12. a3 d4 13. Nb1 a5 14. Nbd2 e5 15. Re1
Re8 16. Qc2 Bf5 17. Ng5 Rac8 18. Rab1 b6 19. Nge4 Nxe4 20. Nxe4 Bxe4 21. Bxe4
g6 22. b4 axb4 23. axb4 Kg7 ({Don't go for} 23... Nxb4 $2 24. Qa4 $18) 24. Qa4
Ne7 25. Qb5 Qc7 26. Ra1 Nf5 27. Bg2 Nd6 28. Qd5 Rcd8 29. Ra6 ({Much worse is} 
29. Rxe5 $6 Nxc4 $1 30. Rxe8 Rxd5 $15) 29... Re6 30. Rea1 {And now Ra7 would
win.} (30. Rxe5 $2 Nc8 $19) 30... Nc8 31. Qb5 f5 {[#]} 32. c5 $1 Kf6 (32... Rf8
$16 {keeps fighting.} 33. Re1 Rff6) 33. cxb6 $18 Nxb6 34. Ra7 Qc3 35. R1a6 (35.
h4 $18 {Black must now prevent R1a6.} Rd7 36. R1a6) 35... Qe1+ $16 36. Bf1 Rd5
$2 {[%mdl 8192] This move loses the game for Black.} (36... Rc8 $16 37. Ra1 (
37. Rxb6 $2 Rc1 $19) 37... Qd2) 37. Qxb6 $1 {White mates.} Rxb6 38. Rxb6+ Kg5
39. Rxh7 f4 40. Kg2 e4 41. h4+ Kg4 42. Rxg6+ Kf5 43. Rhh6 {[%csl Gh4][%cal
Rg6g5] Weighted Error Value: White=0.09/Black=0.26} 1-0

[Event "25th European Club Cup Women 2021"]
[Site "Struga"]
[Date "2021.09.22"]
[Round "5.15"]
[White "Bulmaga, Irina"]
[Black "Muzychuk, Mariya"]
[Result "1/2-1/2"]
[WhiteElo "2407"]
[BlackElo "2540"]
[Annotator "ChessBase"]
[PlyCount "90"]
[EventDate "2021.09.18"]
[EventType "team-tourn"]
[EventCountry "MKD"]
[SourceTitle "playchess.com"]
[Source "ChessBase"]
[SourceQuality "1"]
[TimeControl "40/5400+30:1800+30"]

1. e4 {[%emt 0:00:04]} c5 {[%emt 0:00:04]} 2. c3 {[%emt 0:00:06]} Nf6 {[%emt 0:
00:38]} 3. e5 {[%emt 0:00:08]} Nd5 {[%emt 0:00:02]} 4. Nf3 {[%emt 0:00:09]} Nc6
{[%emt 0:01:01]} 5. Bc4 {[%emt 0:00:08]} Nb6 {[%emt 0:00:29]} 6. Bb3 {[%emt 0:
00:08]} d5 {[%emt 0:00:31]} 7. exd6 {[%emt 0:00:14]} Qxd6 {[%emt 0:00:03]} 8.
O-O {[%emt 0:00:40]} Bf5 {[%emt 0:02:22]} 9. d4 {[%emt 0:03:32]} cxd4 {[%emt 0:
00:30]} 10. Nxd4 {[%emt 0:03:42]} Nxd4 {[%emt 0:00:35]} 11. cxd4 {[%emt 0:00:
30]} e6 {[%emt 0:00:22]} 12. Nc3 {[%emt 0:02:01]} Be7 {[%emt 0:16:16]} 13. Qf3
{[%emt 0:09:01]} Qd7 {[%emt 0:14:09]} 14. d5 {[%emt 0:04:34]} e5 {[%emt 0:01:
00]} 15. Re1 {[%emt 0:13:25]} O-O {[%emt 0:11:50]} 16. Rxe5 {[%emt 0:03:43]}
Bg4 {[%emt 0:00:20]} 17. Qd3 {[%emt 0:01:38]} Rfd8 {[%emt 0:08:31]} 18. Bd2 {
[%emt 0:14:11]} Bf6 {[%emt 0:05:31]} 19. Ree1 {[%emt 0:00:36]} Rac8 {[%emt 0:
06:01]} 20. Qg3 {[%emt 0:05:43]} Nc4 {[%emt 0:06:44]} 21. Bxc4 {[%emt 0:09:17]}
Rxc4 {[%emt 0:00:03]} 22. h3 {[%emt 0:04:02]} Bf5 {[%emt 0:00:58]} 23. Bg5 {
[%emt 0:00:44]} Bxc3 {[%emt 0:05:15]} 24. bxc3 {[%emt 0:00:03]} Rdc8 {[%emt 0:
00:08]} 25. Re7 {[%emt 0:05:15]} Qxd5 {[%emt 0:01:46]} 26. Rae1 {[%emt 0:00:27]
} Re4 {[%emt 0:05:13]} 27. R1xe4 {[%emt 0:16:55]} Bxe4 {[%emt 0:00:06]} 28. Bf6
{[%emt 0:01:45]} Bg6 {[%emt 0:05:19]} 29. Bd4 {[%emt 0:01:24]} f6 {[%emt 0:01:
20]} 30. h4 {[%emt 0:00:23]} a6 {[%emt 0:01:06]} 31. Qg4 {[%emt 0:00:53]} Rd8 {
[%emt 0:01:59]} 32. h5 {[%emt 0:00:20]} Qxh5 {[%emt 0:02:32]} 33. Qxh5 {
[%emt 0:00:13]} Bxh5 {[%emt 0:00:04]} 34. Rxb7 {[%emt 0:00:06]} Be2 {[%emt 0:
02:02]} 35. a4 {[%emt 0:01:21]} Rd5 {[%emt 0:00:59]} 36. Re7 {[%emt 0:00:36]}
Bd1 {[%emt 0:00:46]} 37. Ra7 {[%emt 0:00:29]} Ra5 {[%emt 0:00:51]} 38. f4 {
[%emt 0:00:18]} Rxa4 {[%emt 0:01:27]} 39. Ra8+ {[%emt 0:00:03]} Kf7 {[%emt 0:
00:04]} 40. f5 {[%emt 0:00:00]} h5 {[%emt 0:00:00]} 41. Ra7+ {[%emt 0:01:03]}
Kg8 {[%emt 0:00:48]} 42. Ra8+ {[%emt 0:00:45]} Kh7 {[%emt 0:00:05]} 43. Ra7 {
[%emt 0:00:06]} Kg8 {[%emt 0:11:44]} 44. Ra8+ {[%emt 0:00:28]} Kh7 {[%emt 0:00:
14]} 45. Ra7 {[%emt 0:00:07]} Kg8 {[%emt 0:00:03]} 1/2-1/2

[Event "25th European Club Cup Women 2021"]
[Site "Struga"]
[Date "2021.09.22"]
[Round "5.16"]
[White "Osmak, Iulija"]
[Black "Stojkovska, Monika"]
[Result "1/2-1/2"]
[WhiteElo "2428"]
[BlackElo "2081"]
[Annotator "TA"]
[PlyCount "99"]
[EventDate "2021.09.18"]
[EventType "team-tourn"]
[EventCountry "MKD"]
[SourceTitle "playchess.com"]
[Source "ChessBase"]
[SourceQuality "1"]

{[%evp 12,99,8,7,6,0,16,0,16,-12,-8,-20,0,0,0,-3,0,0,0,-10,0,-8,0,-3,0,4,0,-25,
-3,-16,-14,-7,0,0,-7,-5,0,0,0,0,12,12,3,0,19,20,22,17,33,16,23,20,33,33,20,23,
16,18,22,0,0,0,7,0,14,0,0,-4,0,-16,0,0,13,0,0,0,0,0,0,0,0,0,0,0,-8,-101,-102,
-210,0,0]} 1. d4 e6 2. c4 Nf6 3. Nc3 Bb4 4. Qc2 d5 5. a3 Bxc3+ 6. Qxc3 dxc4 7.
Qxc4 b6 {E36: Nimzo-Indian: Classical: 4...d5 5 a3.} 8. Nf3 Ba6 9. Qc2 O-O 10.
g3 Nbd7 11. Bg2 Bb7 12. O-O c5 13. Rd1 Qc8 14. Bf4 Be4 15. Qa4 {[#]} Bc6 $146 (
{Predecessor:} 15... Qb7 16. Bd6 Rfc8 17. dxc5 bxc5 18. b4 Nb6 19. Qb3 c4 20.
Qe3 c3 21. Bc5 Nbd5 {1/2-1/2 (31) Shen,Y (2452)-Cramling,P (2536) Jermuk 2010})
16. Qc4 Bd5 17. Qd3 Qb7 18. Rac1 Rfc8 19. Bg5 (19. Ne1 {is interesting.} h6 20.
Be3 Rab8 21. Bf4 Ra8) 19... h6 20. Bxf6 Nxf6 21. dxc5 Rxc5 22. Rxc5 bxc5 23.
Rd2 a5 24. Nh4 Rb8 25. Bxd5 Qxd5 26. Qc2 Qe4 27. Nf3 Qxc2 (27... c4 {keeps
more tension.} 28. h4 Rb5 29. Kf1 Rb3 30. Qd1 Qf5) 28. Rxc2 $11 {[%mdl 4096]
Endgame KRN-KRN} a4 29. Ne5 Rb5 30. Nd3 Nd7 31. Rc4 Ra5 32. f4 f6 33. Kf2 Kf7
34. e4 e5 35. Ke3 Ke6 36. Rc2 Rb5 37. Rc4 Ra5 38. h4 Kd6 39. h5 Nb6 40. Rc2 Nd7
41. Nc1 Rb5 42. Ne2 Rb3+ 43. Nc3 c4 44. Rd2+ Ke6 45. Kf3 Nc5 {Threatening ...
Nd3.} 46. Kg4 Rb8 47. Rd5 Nd3 48. f5+ (48. Rb5 $11 {keeps the balance.} Rxb5
49. Nxb5) 48... Ke7 $17 49. Nxa4 (49. Rb5 $17 Rxb5 50. Nxb5) 49... Nxb2 $2 {[#]
} (49... Rb3 $19 {Threatens to win with ...Nf2+.} 50. Kh4 Nf2) 50. Nxb2 {
Weighted Error Value: White=0.12/Black=0.11} 1/2-1/2